Operations research in production planning and control

Uloženo v:
Podrobná bibliografie
Hlavní autoři: Fandel, Gunter (Autor), Gulledge, Thomas (Autor), Jones, Albert (Autor)
Médium: Kniha
Jazyk:angličtina
Vydáno: Berlín Springer-Verlag 1993
Témata:
Tagy: Přidat tag
Žádné tagy, Buďte první, kdo vytvoří štítek k tomuto záznamu!

MARC

LEADER 00000nam a2200000 a 4500
001 UCX7683
003 CL-VaPUC
005 20231214193548.0
008 931227e19930000gw 1 eng d
082 0 4 |a 658.4034  |b FAN  |2 21 
100 1 |a Fandel, Gunter  |e author  |9 616911 
700 1 |a Gulledge, Thomas  |e author  |9 616912 
700 1 |a Jones, Albert  |e author  |9 616913 
245 1 0 |a Operations research in production planning and control 
260 |a Berlín  |b Springer-Verlag  |c 1993 
300 |a 597 p 
583 |a last modification  |c 20180306 02:00:01  |k Rodrigo Vera 
650 0 0 |a Investigación operativa  |9 259383 
650 0 0 |a Congresos  |9 257560 
650 0 0 |a Producción  |x Planificación  |9 260672 
650 0 0 |a Control de la producción   |9 263691 
942 |c BK 
945 |a mfernand  |d 19931227 00:00:00 
546 |a En Inglés 
518 |p Conference on Recent Developments and New Perspectives of Operations Research in the Area of Production Planning and Contro 
999 |c 382181  |d 382179 
952 |0 0  |1 0  |4 0  |6 658_403400000000000_FAN_1993  |7 0  |8 A  |9 503748  |a BIBING  |b BIBING  |d 2020-01-23  |i 2955369  |o 658.4034 FAN 1993  |p 2955369  |r 2025-01-20  |w 2020-01-23  |y BK  |k EII